000 01064nam a22003017a 4500
001 BR7807210
003 BR-BrBNA
005 20230928085810.0
007 ta
008 230509b bl.||||| |||| 00| 0 por d
040 _aBR-BrBNA
_bpor
_cBiblioteca Nacional de Agricultura
041 _a(Por)
072 _aD10; E10
_b/G514
090 _ D10 BR7807210
110 1 _aEmpresa de Assistencia Tecnica e Extensao Rural do Estado do Maranhao, Sao Luis (Brasil)
_94038
245 1 _aPlano de cargos e salarios [Empresa de Assistencia Tecnica e Extensao Rural do Estado do Maranhao, Sao Luis, Brasil]
260 3 _aSao Luis, MA (Brasil):
_c1978.
300 _a14 p.
500 _a2 graphs; 4 tables. (*) Documento disponível na(o) Empresa de Assistencia Tecnica e Extensao Rural do Estado do Maranhao, Sao Luis (Brazil)
650 _aADMINISTRACAO
650 _aADMINISTRACAO DE EMPRESA
650 _aINSTITUICAO AGRICOLA
650 _aSALARIO
650 _aRECURSO HUMANO
650 _aMARANHAO
909 _a202309
_bLucia
_c55
_dLucia Elande
942 _cBK
999 _c26395
_d26395